| 000 | 00975nam a2200217Ia 4500 | ||
|---|---|---|---|
| 001 | 15746 | ||
| 003 | GE_BSU | ||
| 008 | 181216s||||||||xx |||||||||||||| ||und|| | ||
| 010 | _a9789994021987 | ||
| 040 | _cGE_BSU | ||
| 080 | _a821.353.1-1+821.353.1-3+821.133.1.03=353.1 | ||
| 100 | _aთევზაძე,ბადრი | ||
| 245 | _aრჩეული:-60ლექსი,პროზა-პარიზში წავვლას რა უნდა, თარგმანები ფრანგული პოეზიიდან. | ||
| 245 | _cრედ:დავით თედორაძე | ||
| 260 | _aბათუმი. | ||
| 260 | _bგამ-ბა აჭარა | ||
| 260 | _c2015. | ||
| 300 | _a384გვ;19სმ | ||
| 653 | _aჩეული:-60ლექსი,პროზა-პარიზში წავვლას რაუნდა, თარგმანები ფრანგული პოეზიიდან. | ||
| 942 | _cBK | ||
| 999 |
_c48844 _d48844 |
||